Cockney rhyming slang - Statistics

General Stats
  • This quiz has been taken 500 times
  • The average score is 8 of 18
Answer Stats
Hint Answers % Correct
Apples and Pears Stairs
95%
Dog and Bone Phone
91%
Cream crackered Knackered
80%
Jam jar Car
73%
Ruby Murray Curry
67%
Bacon and Eggs Legs
65%
Adam and Eve Believe
47%
Tea leaf Thief
46%
Pen and ink Stink
40%
Sherbet dab Cab
38%
Alligator Later
33%
Whistle and flute Suit
33%
Damon Hill Pill
28%
Arton senna Tenner
21%
Half inch Steal
20%
Uncle Bert Shirt
16%
Donkeys ears Years
16%
Scooby-Doo Flu
3%
No matching quizzes found
Score Distribution
Percent of People with Each Score
Percentile by Number Answered
Your Score History
You have not taken this quiz